000 00955nam a22002297a 4500
003 OSt
005 20250904151455.0
008 240426b ||||| |||| 00| 0 eng d
040 _c0
082 _aDPer 621.317 Ie21 November 2022 v. 37 n. 11
100 _aKim, Minki.
_eauthor.
_956840
245 _aSelf-synchronized class e resonant rectifier by compensating propagation delay for multi-MHz switching applications /
_cMinki Kim and Jungwon Choi.
260 _aNew York ;
_bThe Institute of Electrical and Electronics Engineers, Inc. ,
_cNovember 2022.
300 _aVolume 37, pages 13946-13954 :
_billustration ;
_c28 cm.
500 _aIEEE Transactions on Power Electronics, vo. 37, no. 11, pages 13946-13954, November 2022.
650 0 _aPropagation delay.
_967248
650 0 _aRectifiers.
_965858
650 0 _aSynchronization.
_965755
700 _aKim, Minki.
_eauthor.
_956840
700 _aChoi, Jungwon.
_eauthor.
_956841
942 _2ddc
_cPER
999 _c20190
_d20190